00531nam a22001937a 450000500170000001000130001702000270003003500120005703700180006908200080008710000490009524500330014424600420017725000090021926000300022830000310025894200310028999900170032020151105125143.0 aPUN-7779 a9789350179246Xc130.00 aPN-6897 aunistar books a851 aਵਿਰਕ,ਸਰਬਜੀਤ ਸਿੰਘ aਪ੍ਰਗੀਤ ਨਾਦ aParageet naadbby Sarabjit Singh Virk a2012 aChandigarhbUnistar Books aPg.87b22cmਸਜਿਲਦ 2ddccPNh851kਵਿਰਕ c98098d98098